000
00327 a2200145 4500
001
153370
040
_c
Escola São Tomás de Aquino
100
_a
CAZARRE, Lourenço
240
1
0
_a
A guerra no lanche
_l
por
245
1
0
_a
A guerra no lanche
300
_a
128
362
0
_a
2000
697
_a
*LITERATURA JUVENIL
942
_c
BK
999
_c
153370
_d
153370